000 00991cam a2200289 a 4500
001 4416353
003 OSt
005 20180117090002.0
008 930910s1994 nyua 001 0 eng
010 _a 93037143
020 _a0673993957
020 _a0673990419 (pbk.)
040 _aDLC
_cDLC
_dDLC
050 0 0 _aHB171.5
_b.G8245 1994
082 0 0 _a330
_220
100 1 _aGregory, Paul R.
245 1 0 _aEconomics /
_cPaul R. Gregory, Roy J. Ruffin.
260 _aNew York :
_bHarperCollins College Publishers,
_cc1994.
300 _axxviii, 668 p. :
_bill. ;
_c27 cm.
500 _aIncludes indexes.
650 0 _aEconomics.
700 1 _aRuffin, Roy,
_d1938-
906 _a7
_bcbc
_corignew
_d1
_eocip
_f19
_gy-gencatlg
942 _2ddc
_cBK
999 _c3239
_d3239